| 000 | 00483nam a2200181Ia 4500 | ||
|---|---|---|---|
| 001 | 39763 | ||
| 008 | 140423s9999 xx 000 0 und d | ||
| 020 | _a0226849627 | ||
| 040 | _cPK-LaUMT | ||
| 082 |
_a 306 _bVAN-T |
||
| 100 | _aVan Maanen, John | ||
| 245 |
_aTales of the field _bon writing ethnography _cVan Maanen, John |
||
| 260 |
_aChicago,USA: _bThe University of Chicago Press, _c1988 |
||
| 300 | _a173 p. | ||
| 546 | _aEN | ||
| 650 | _aEthnology-Authorship | ||
| 942 | _cBK | ||
| 999 |
_c39067 _d39067 |
||